000 00877nam a2200241 a 4500
001 78470
003 BD-RjUL
005 20211209083131.0
008 210926s1970 pk ||||| |||| 00| 0 ben d
020 _c: PRs. 12.00
035 _a(BD-RjUL)78696
040 _aBD-RjUL
_bben
_cBD-RjUL
041 _aben
082 _a954.9204
_bKHS 1970
100 _aখান, আতাউর রহমান
_9119519
245 1 0 _aস্বৈরাচারের দশ বছর /
_cআতাউর রহমান খান
250 _a১ম সং.
260 _aঢাকা :
_bনওরোজ কিতাবিস্তান,
_c১৯৭০
300 _a[৮], ৪৩০ পৃ. ;
_c২১ সেমি.
651 _aবাংলাদেশ
_xইতিহাস
_y১৯৪৭-১৯৭১
_9248468
651 _aBangladesh
_xHistory
_y1947-1971
_9248469
942 _2ddc
_cRAR
999 _c78470
_d78470